Civilization and Capitalism 15Th-18th Century Vol I: (Record no. 222919)
[ view plain ]
| 000 -LEADER | |
|---|---|
| fixed length control field | 02219nam a22002297a 4500 |
| 005 - DATE AND TIME OF LATEST TRANSACTION | |
| control field | 20220513115025.0 |
| 008 - FIXED-LENGTH DATA ELEMENTS--GENERAL INFORMATION | |
| fixed length control field | 220513b ||||| |||| 00| 0 eng d |
| 020 ## - INTERNATIONAL STANDARD BOOK NUMBER | |
| International Standard Book Number | 1842122878 |
| 040 ## - CATALOGING SOURCE | |
| Transcribing agency | AL |
| 041 ## - LANGUAGE CODE | |
| Language code of text/sound track or separate title | English |
| 082 ## - DEWEY DECIMAL CLASSIFICATION NUMBER | |
| Edition number | 23 |
| Classification number | 909.08 |
| Item number | BRAC |
| 100 ## - MAIN ENTRY--PERSONAL NAME | |
| Personal name | Fernand Braudel |
| 100 ## - MAIN ENTRY--PERSONAL NAME | |
| 9 (RLIN) | 36850 |
| 245 ## - TITLE STATEMENT | |
| Title | Civilization and Capitalism 15Th-18th Century Vol I: |
| Remainder of title | Structure of Everyday Life The Limits of the Possible |
| 260 ## - PUBLICATION, DISTRIBUTION, ETC. | |
| Place of publication, distribution, etc. | London |
| Name of publisher, distributor, etc. | Phoenix Press |
| Date of publication, distribution, etc. | 2002 |
| 300 ## - PHYSICAL DESCRIPTION | |
| Extent | 623 p. |
| Other physical details | PB |
| Dimensions | 23x16.5 cm. |
| 520 ## - SUMMARY, ETC. | |
| Summary, etc. | This is the first of three fascinating volumes in which Braudel, the renowned historian and celebrated author of The Mediterranean and the Mediterranean World, offers what is in effect an economic and social history of the world from the Middle Ages to the Industrial Revolution. Like everything he writes, it is new, stimulating and sparkles like champagne. Braudel's technique, it has been said, is that of a pointilliste. Myriads of separate details, sharp glimpses of reality experienced by real people, are seen miraculously to orchestrate themselves into broad rhythms that underlie and transcend the excitements and struggles of particular periods. Braudel sees the past as we see the present - only in a longer perspective and over a wider field.The perspective is that of the possible, of the actual material limitations to human life in any given time or place. It is the every¬day, the habitual - the obvious that is so obvious it has hitherto been neglected by historians - that Braudel claims for a new and vast and enriching province of history. Food and drink, dress and housing, demography and family structure, energy and technology, money and credit, and, above all, the growth of towns, that powerful agent of social and economic development, are described in all the richness and complexity of real life. The intensely visual quality of Braudel's understanding of history is brought into sharper focus by the remarkable series of illustrations that of themselves would make this book incomparable |
| 650 ## - SUBJECT ADDED ENTRY--TOPICAL TERM | |
| Topical term or geographic name entry element | Economic history |
| 9 (RLIN) | 36851 |
| 650 ## - SUBJECT ADDED ENTRY--TOPICAL TERM | |
| Topical term or geographic name entry element | Social history |
| 9 (RLIN) | 36852 |
| 650 ## - SUBJECT ADDED ENTRY--TOPICAL TERM | |
| Topical term or geographic name entry element | Civilization, Modern--History |
| 9 (RLIN) | 36853 |
| 700 ## - ADDED ENTRY--PERSONAL NAME | |
| Personal name | BRAUDEL (Fernand) |
| 9 (RLIN) | 36854 |
| 942 ## - ADDED ENTRY ELEMENTS (KOHA) | |
| Source of classification or shelving scheme | Dewey Decimal Classification |
| Koha item type | George Fernandes Collections |
| Withdrawn status | Lost status | Source of classification or shelving scheme | Damaged status | Not for loan | Collection code | Home library | Current library | Date acquired | Total Checkouts | Total Renewals | Full call number | Barcode | Date last seen | Date last checked out | Price effective from | Koha item type |
|---|---|---|---|---|---|---|---|---|---|---|---|---|---|---|---|---|
| Dewey Decimal Classification | History | St Aloysius Library | St Aloysius Library | 03/24/2013 | 1 | 1 | 909.08 BRAC | GF03078 | 01/02/2024 | 12/08/2023 | 05/13/2022 | George Fernandes Collections |